El niño hiperactivo
Guardat en:
| Autor principal: | |
|---|---|
| Format: | Llibre |
| Idioma: | espanyol |
| Publicat: |
Barcelona
Eds. Martínez Roca
1990
|
| Col·lecció: | Biblioteca de psicología, psiquiatría y salud
|
| Matèries: | |
| Etiquetes: |
Afegir etiqueta
Sense etiquetes, Sigues el primer a etiquetar aquest registre!
|
MARC
| LEADER | 00000nam a2200000 a 4500 | ||
|---|---|---|---|
| 001 | UCY1891 | ||
| 003 | CL-VaPUC | ||
| 008 | 940927e19900000SP |||||||||||||||||spa|d | ||
| 082 | 0 | 4 | |a 371.93 |b TAY |2 21 |
| 100 | 0 | |a Taylor, Eric A |e author |9 329952 | |
| 245 | 1 | 3 | |a El niño hiperactivo |
| 300 | |a 230 p | ||
| 942 | |c BK | ||
| 945 | |d 19940927 00:00:00 |a rbrito | ||
| 260 | |a Barcelona |b Eds. Martínez Roca |c 1990 | ||
| 650 | 0 | |a Niños hiperactivos |9 308689 | |
| 650 | 7 | |a NIÑOS CON PROBLEMAS EMOCIONALES |2 CL-VaPUC |9 307971 | |
| 650 | 7 | |a CONDUCTA PSICOLOGIA |2 CL-VaPUC |9 307702 | |
| 583 | |a last modification |c 19940927 00:00:00 |k Rodrigo Vera | ||
| 490 | 0 | |a Biblioteca de psicología, psiquiatría y salud | |
| 999 | |c 230466 |d 230464 | ||
| 952 | |0 0 |1 0 |4 0 |6 371_930000000000000_TAY_1990 |7 0 |8 A |9 232751 |a BIBEDU |b BIBEDU |d 2019-11-15 |i 3021157 |o 371.93 TAY 1990 |p 3021157 |r 2019-11-15 |w 2019-11-15 |y BK |k EPE | ||
| 952 | |0 0 |1 0 |4 0 |6 371_930000000000000_TAY_1990 |7 0 |8 A |9 232752 |a BIBEDU |b BIBEDU |d 2019-11-15 |i 3439836 |o 371.93 TAY 1990 |p 3439836 |r 2019-11-15 |w 2019-11-15 |y BK |k BME | ||